Statystyki dla Najdrożsi bramkarze według TM.

Kliknij tutaj aby rozwiązać quiz!

Ogólne statystyki

  • Ten quiz został rozwiązany 40 razy
  • Średni wynik to 3 z 10

Statystyki odpowiedzi

KwotaZawodnik% Poprawnych
50 mlnAlisson
92%
45 mlnEderson
89%
40 mlnJan Oblak
33%
30 mlnMarc-Andre ter Stegen
33%
50 mlnGianluigi Donnarumma
28%
60 mlnThibaut Courtois
28%
35 mlnMike Maignan
17%
30 mlnAaron Ramsdale
14%
35 mlnDiego Costa
0%
32 mlnRobert Sánchez
0%

Rozkład punktacji

Percentyl według liczby udzielonych odpowiedzi

Procent ludzi z każdym wynikiem

Twoja historia wyników

Nie rozwiązałeś tego quizu